| Tag |
First Indicator |
Second Indicator |
Subfields |
| LEADER |
00000cam a2200000 a 4500 |
| 001 |
in00000084948 |
| 005 |
20151008054428.0 |
| 008 |
810819s1981 pau b 00110beng |
| 010 |
|
|
|a 79054279
|
| 020 |
|
|
|z 0081691426 (pbk.)
|
| 035 |
|
|
|a (OCoLC)07435237
|
| 035 |
|
|
|9 AAJ0635AM
|
| 039 |
0 |
|
|a 2
|b 3
|c 3
|d 3
|e 3
|
| 040 |
|
|
|a DLC
|c DLC
|d TXA
|d UtOrBLW
|
| 049 |
|
|
|a TXAM
|c [1406877]
|
| 050 |
0 |
0 |
|a Q11
|b .P612 vol. 142
|a DA390.1.M66
|
| 082 |
0 |
|
|a 081 s
|a 941.06/092/4
|a B
|2 19
|
| 090 |
|
|
|a DA390.1.M66
|b M6
|
| 100 |
1 |
|
|a Cope, Esther S.
|
| 245 |
1 |
4 |
|a The life of a public man :
|b Edward, first Baron Montagu of Boughton, 1562-1644 /
|c by Esther S. Cope.
|
| 264 |
|
1 |
|a Philadelphia :
|b American Philosophical Society,
|c [1981]
|
| 264 |
|
4 |
|c ©1981
|
| 300 |
|
|
|a xv, 224 pages ;
|c 23 cm.
|
| 336 |
|
|
|a text
|b txt
|2 rdacontent
|
| 337 |
|
|
|a unmediated
|b n
|2 rdamedia
|
| 338 |
|
|
|a volume
|b nc
|2 rdacarrier
|
| 490 |
1 |
|
|a Memoirs of the American Philosophical Society,
|x 0065-9738 ;
|v v. 142
|
| 504 |
|
|
|a Includes bibliographical references and index.
|
| 600 |
1 |
0 |
|a Montagu, Edward Montagu,
|c Baron,
|d 1562-1644.
|
| 650 |
|
0 |
|a Politicians
|z Great Britain
|v Biography.
|
| 830 |
|
0 |
|a Memoirs of the American Philosophical Society ;
|v v. 142.
|
| 999 |
|
|
|a MARS
|
| 999 |
f |
f |
|s 2af33610-f377-3696-9359-48666e0eea78
|i 765971fc-c06b-31ae-9098-b474b28e018c
|t 0
|
| 952 |
f |
f |
|p ric
|a Texas A&M University
|b Rellis Campus
|c Joint Library Facility
|d Remote Storage
|t 0
|e DA390.1.M66 M6
|h Library of Congress classification
|i unmediated -- volume
|m A14806096488
|
| 998 |
f |
f |
|a DA390.1.M66 M6
|t 0
|l Remote Storage
|